000
00324 a2200157 4500
001
151589
040
_c
Escola São Tomás de Aquino
100
_a
IACOCCA, Liliana
240
1
0
_a
Mateus
_l
por
245
1
0
_a
Mateus
300
_a
43
362
0
_a
1999
440
1
_a
Moderna
697
_a
*LITERATURA INFANTO
942
_c
BK
999
_c
151589
_d
151589